Retrouvez les prénoms des papes avec des indices... - Statistiques

Statistiques générales
  • Ce quiz a été pris 49 fois
  • Le résultat moyen est 25 sur 81
Statistiques - réponses
Pape de ... à ... Prénom % Correct
523 / 526 533 / 535 561 / 574 640 / 642 685 / 686 701 / 705 705 / 707 872 / 882 898 / 900 914 / 928 931 / 936 955 / 964 965 / 972 983 / 984 985 / 996 1003 1003 / 1009 1024 / 1032 1276 / 1277 1316 / 1334 1410 / 1415 1958 / 1963 Celui qui porte ce prénom a été Oscar aux Etats-Unis Jean
92%
1978 1978 / 2005 Aussi porté par un célébrissime acteur français 1933/2021 Jean-Paul
89%
142 / 155 1458 / 1464 1503 1559 / 1565 1566 / 1572 1775 / 1799 1800 / 1823 1829 / 1830 1846 / 1878 1903 / 1914 1922 / 1939 1939 / 1958 Couleur de robe Pie
86%
757 / 767 1464 / 1471 1534 / 1549 1555 / 1559 1605 / 1621 1963 / 1978 Il ne se rencontre pas que sur le chemin de Damas Paul
83%
2013 2 présidents de la Ve l'ont porté François
81%
440 / 461 682 / 683 795 / 816 847 / 855 903 928 936 / 939 963 / 965 1049 / 1054 1513 / 1521 1605 1823 / 1829 1878 / 1903 Et voici que parait le pape, casaque blanche, toque blanche, aurait pu sortir de la bouche de ce journaliste 1914/1995 Léon
81%
33 / 67 Lexicographe 1817/1875 qui a créé un best seller Pierre
78%
575 / 579 684 / 685 855 / 858 900 / 903 964 973 / 974 974 / 983 1012 / 1024 1032 / 1044 1045 1047 / 1048 1303 / 1304 1334 / 1342 1724 / 1730 1740 / 1758 1914 / 1922 2005 / 2013 Complice et ennemi des Français en douanier, acteur né en 1964 Benoît
72%
401 / 417 1130 / 1143 1198 / 1216 1243 / 1254 1276 1352 / 1362 1404 / 1406 1484 / 1492 1591 1644 / 1655 1676 / 1689 1691 / 1700 1721 / 1724 En groupe, on se souvient d'eux le 28 décembre Innocent
67%
336 Peintre de l'opéra de Paris 1887/1985 Marc
64%
337 / 352 1503 / 1513 1550 / 1555 Ecrivain futuriste 1828/1905 Jules
58%
222 / 230 1088 / 1099 1185 / 1187 1261 / 1264 1362 / 1370 1378 / 1389 1590 1623 / 1644 Compagnon d'Agrippine (bd) Urbain
58%
189 / 198 1055 / 1057 1086 / 1087 Poète qui cultivait l'art d'être grand-père 1802/1885 Victor
58%
67 / 79 Plante cultivée pour ses fibres Lin
56%
308 / 309 1555 Ecrivain provençal 1895/1974 ou nostalgique célèbre 1871/1922 Marcel
56%
687 / 701 844 / 847 904 / 911 1009 / 1012 Reggiani 1922/2004 ou Lama 1943 Serge
56%
88 / 97 1046 / 1047 1187 / 1191 1265 / 1268 1305 / 1314 1342 / 1352 1523 / 1534 1592 / 1605 1667 / 1669 1670 / 1676 1700 / 1721 1730 / 1740 1758 / 1769 1769 / 1774 Précurseur de l'aviation - Eole - 1841/1925 Clément
53%
590 / 604 715 / 731 731 / 741 827 / 844 996 / 999 1012 / 1013 1045 / 1046 1073 / 1085 1118 / 1121 1187 1227 / 1241 1271 / 1276 1370 / 1378 1406 / 1415 1572 / 1585 1590 / 1591 1621 / 1623 1831 / 1846 Acteur américain 1916/2003 ou chanteur français 1979 Grégoire
53%
314 / 335 999 / 1003 1045 Connu de tous car célébré le dernier jour de l'année Sylvestre
53%
105 / 115 1061 / 1073 1159 / 1181 1254 / 1261 1492 / 1503 1655 / 1667 1689 / 1691 Ecrivain prolifique 1802/1870 Alexandre
50%
772 / 795 867 / 872 884 / 885 1154 / 1159 1276 1522 / 1523 Yourcenar lui a ajouté un H Adrien
44%
858 / 867 1058 / 1061 1277 / 1280 1288 / 1292 1447 / 1455 Vénéré en Lorraine Nicolas
44%
418 / 422 530 / 532 607 608 / 615 619 / 625 896 1294 / 1303 1389 / 1404 Etymologiquement, il doit avoir un bon karma Boniface
42%
897 Prénom de Bouteille 1937/2021 Romain
39%
269 / 274 483 / 492 Président disparu en fonctions 1841/1899 Félix
33%
422 / 432 1143 / 1144 1191 / 1198 1241 1294 Signifie "vient du ciel"; quoi de mieux pour un pape ? Célestin
31%
251 / 253 Dramaturge 1606/1984 ou chanteur Corneille
31%
254 / 257752 / 757 768 / 772 816 / 817 885 / 891 896 / 897 929 / 931 939 / 942 1057 / 1058 Réalisateur qui demande à Jésus de revenir mais verrait bien Tanguy partir... 1952 Etienne
31%
649 / 653 1281 / 1285 1417 / 1431 Inoubliable Miguel, bien halé Martin
31%
642 / 649 897 Peintre 1791/1824 ou poète 1823/1891 Théodore
31%
217 / 222 1119 / 1124 1455 / 1458 Compositeur d'hymne au Canada 1842/1891 Calixte
28%
654 / 657 824 / 827 1145 / 1153 1431 / 1447 Peintre 1798/1863 ou romancier 1804/1857 Eugène
28%
97 / 105 Mathématicien de génie 1811/1832 Evariste
28%
625 / 638 1124 / 1130 1216 / 1227 1285 / 1287 Son sens ? Le "dernier". Signe d'humilité ou d'ambition ? Honorius
25%
115 / 125 257 / 258 432 / 440 526 / 530 1471 / 1484 1585 / 1590 1er évêque de Reims Sixte
25%
827 Protégerait les amoureux Valentin
25%
79 / 88 Boxeur congolo-français 1960 Anaclet
22%
366 / 384 1048 Fondateur d'Alma qui ne fut pas Boulanger Damase
22%
259 / 268 Réalisateur qui a fait découvrir Tobrouk au cinéma 1921/2013 Denys
22%
309 / 310 Ecrivain grec et chrétien 265/339 Eusèbe
22%
253 / 254 1144 / 1145 1181 / 1185 Bessonus, Béraudius ou Arphandius auraient pu porter ce prénom Lucius
22%
882 / 884 942 / 946 Evoque les flots Marin
22%
817 / 824 1099 / 1118 Chanteur et présentateur aimé d'une ancienne génération 1963/2015 Pascal
22%
399 / 401 496 / 498 911 / 913 1153 / 1154 Politicien autrichien qui n'était sans doute pas vert ! Anastase
19%
891 / 896 Mieux connu comme nom d'une île Formose
19%
311 / 314 Ce fut aussi une bataille antique du VIe siècle avant JC Miltiade
19%
741 / 752 Célèbre prophète Zacharie
19%
615 / 618 672 / 676 Signifie "donné par Dieu" Adéodat
17%
535 / 536 946 / 955 Bien que signifiant "amour", il ne s'est pas répandu Agapet
17%
283 / 296 Comme Jules César -63/-14 Caïus
17%
708 / 715 Un autre fut un sculpteur reconnu 1876/1957 Constantin
17%
492 / 496 1118 / 1119 De Césarée, il fut historien Gélase
17%
461 / 468 Ce fut le 1er évêque de Carcassonne Hilaire
17%
352 / 366 Prénom basque malgré son apparente émancipation Libère
17%
296 / 304 Chimiste français bien connu des écoliers 1827/1907 Marcellin
17%
417 / 418 Dostoïevski a fait usage de ce prénom dans les célèbres Frères Karamazov Zosime
17%
678 / 681 Un des fils de Priam Agathon
14%
155 / 166 Ministre de la gauche - 1931 Anicet
14%
686 / 687 Général d'Athènes -444/-390 ou trouvère 1150/1220 Conon
14%
676 / 678 A une lettre près, il serait consommable Donus
14%
236 / 250 Pseudonyme de Pierre Georges 1919/1944 Fabien
14%
913 / 914 Prénom anglais pour un pape italien ? Landon
14%
556 / 561 579 / 590 Etymologiquement, il viendrait de la "haute mer" Pélage
14%
537 / 555 Evoque plutôt une surveillance qu'un pape Vigile
14%
198 / 217 Candidat communiste à la présidence 1840/1932 Zéphyrin
14%
136 / 142 Grammairien latin -67 / 17 Hygin
11%
640 Seul un chanteur porte ce prénom dont le féminin est bien plus commun Séverin
11%
708 Aussi porté par un diacre martyr + 397 Sisinnius
11%
166 / 174 Aussi un Ptolémée Soter
11%
498 / 514 Etymologiquement, il évoque un combattant Symmaque
11%
657 / 672 Etymologiquement basé sur "vie" Vitalien
11%
235 / 236 Fleur ou florissant en grec Antère
8%
275 / 283 Etymologiquement Prospère, il ne le fut point. Eutychien
8%
514 / 523 Prénom persan, rare en France Hormisdas
8%
230 / 235 Aujourd'hui serait "du pont" Pontien
8%
604 / 606 En mémoire d'un peuple italien de l'antiquité Sabinien
8%
536 / 537 Prénom qui ne parait pas encore être sorti de la forêt Silvère
8%
468 / 483 Porté par un boxeur australien médaillé à Rio Simplice
8%
174 / 189 Physicien & académicien 1837/1908 Eleuthère
6%
384 / 399 Etymologiquement seigneur et maître en grec Sirice
6%
125 / 136 Fils d'Asclépios Télesphore
6%
Aucun quiz correspondant
Distribution des résultats
% des personnes avec chaque résultat
Percentile par nombre de réponses
Votre historique - résultats
Vous n’avez pas pris ce quiz